[Event "BRA-ch 87th"]
[White "Matsuura,Everaldo"]
[Black "Brito,Luismar Jorge"]
[Site "Cuiaba"]
[Round "11"]
[Annotator ""]
[Result "1/2-1/2"]
[Date "2021.11.04"]
[WhiteElo "2464"]
[BlackElo "2198"]
[PlyCount "96"]

1. e4 c5 2. Nf3 d6 3. d4 cxd4 4. Nxd4 Nf6 5. Nc3 a6 6. Bg5 e6 7. f4 h6 8. Bh4 Be7 9. Qe2 Nxe4 10. Nxe4 Bxh4+ 11. g3 Be7 12. O-O-O Qc7 13. Bg2 Nc6 14. f5 Nxd4 15. Rxd4 e5 16. Rc4 Qb6 17. Nc3 Bd8 18. Qe4 Rb8 19. Rd1 Bd7 20. Kb1 O-O 21. g4 Bc6 22. Qe2 Be7 23. Bd5 Rfc8 24. a3 Kf8 25. Qd2 Bg5 26. Qd3 Be7 27. Qf3 a5 28. a4 Bf6 29. Ne4 Bxd5 30. Rxc8+ Rxc8 31. Rxd5 Qg1+ 32. Rd1 Qxh2 33. c3 Be7 34. f6 gxf6 35. Nxf6 Qf4 36. Qxb7 Rd8 37. Qxe7+ Kxe7 38. Nd5+ Ke6 39. Nxf4+ exf4 40. Rh1 Rg8 41. Rxh6+ f6 42. Kc2 Rxg4 43. Kd3 d5 44. Rh8 Ke5 45. Re8+ Kf5 46. Rd8 Ke5 47. Re8+ Kf5 48. Rd8 Ke5 1/2-1/2

[Event "BRA-ch 87th"]
[White "Labussiere,Victor"]
[Black "Matsuura,Everaldo"]
[Site "Cuiaba"]
[Round "10"]
[Annotator ""]
[Result "1/2-1/2"]
[Date "2021.11.03"]
[WhiteElo "2291"]
[BlackElo "2464"]
[PlyCount "52"]

1. d4 Nf6 2. c4 g6 3. Nc3 d5 4. Bf4 Bg7 5. e3 c5 6. dxc5 Qa5 7. Rc1 dxc4 8. Bxc4 O-O 9. Nf3 Qxc5 10. Bb3 Nc6 11. O-O Qh5 12. h3 e5 13. Bg3 Rd8 14. Nd2 Bf5 15. e4 Bh6 16. Nd5 Nxd5 17. exd5 Qxd1 18. Rcxd1 Nd4 19. Bxe5 Nxb3 20. Nxb3 Rac8 21. Bc3 Bc2 22. Rd4 Bg7 23. Rd2 Bxb3 24. Bxg7 Rxd5 25. Rxd5 Bxd5 26. Bd4 Bxa2 1/2-1/2

[Event "BRA-ch 87th"]
[White "Matsuura,Everaldo"]
[Black "Zanette,Edgard Vinicius"]
[Site "Cuiaba"]
[Round "9"]
[Annotator ""]
[Result "1-0"]
[Date "2021.11.02"]
[WhiteElo "2464"]
[BlackElo "2157"]
[PlyCount "45"]

1. e4 e5 2. Nf3 Nc6 3. d4 exd4 4. Bc4 Nf6 5. e5 d5 6. Bb5 Ne4 7. Nxd4 Bd7 8. Bxc6 bxc6 9. O-O Be7 10. f3 Nc5 11. f4 Ne4 12. Nc3 Nxc3 13. bxc3 c5 14. Nb3 c4 15. Nd4 c5 16. Ne2 Bc6 17. Be3 d4 18. cxd4 Qd5 19. Rf3 cxd4 20. Nxd4 O-O-O 21. Qf1 Bb7 22. Rb1 Qd7 23. Qxc4+ 1-0

[Event "BRA-ch 87th"]
[White "Matsuura,Everaldo"]
[Black "Gauche,Charles"]
[Site "Cuiaba"]
[Round "7"]
[Annotator ""]
[Result "1/2-1/2"]
[Date "2021.11.01"]
[WhiteElo "2464"]
[BlackElo "2155"]
[PlyCount "21"]

1. e4 e5 2. Nf3 Nf6 3. Nxe5 d6 4. Nf3 Nxe4 5. Qe2 Qe7 6. d3 Nf6 7. Bg5 Qxe2+ 8. Bxe2 Be7 9. Nc3 c6 10. O-O-O Nbd7 11. h3 1/2-1/2

[Event "BRA-ch 87th"]
[White "Matsuura,Everaldo"]
[Black "Quintiliano Pinto,Renato Rodrigues"]
[Site "Cuiaba"]
[Round "5"]
[Annotator ""]
[Result "1/2-1/2"]
[Date "2021.10.31"]
[WhiteElo "2464"]
[BlackElo "2469"]
[PlyCount "28"]

1. c4 e6 2. e4 c5 3. Nf3 Nc6 4. Nc3 Nf6 5. Be2 d5 6. exd5 exd5 7. d4 Be6 8. cxd5 Nxd5 9. O-O Be7 10. Nxd5 Qxd5 11. Be3 cxd4 12. Nxd4 Nxd4 13. Qxd4 O-O 14. Rfd1 Qxd4 1/2-1/2

[Event "BRA-ch 87th"]
[White "Federzoni,Enzo"]
[Black "Matsuura,Everaldo"]
[Site "Cuiaba"]
[Round "4"]
[Annotator ""]
[Result "0-1"]
[Date "2021.10.30"]
[WhiteElo "2215"]
[BlackElo "2464"]
[PlyCount "120"]

1. e4 g6 2. d4 Bg7 3. Nc3 d6 4. f4 a6 5. Nf3 b5 6. Bd3 c5 7. e5 cxd4 8. Be4 Ra7 9. Qxd4 Rd7 10. Qf2 b4 11. Ne2 dxe5 12. Be3 Nf6 13. Bb6 Nxe4 14. Qe3 exf4 15. Nxf4 Rc7 16. Qxe4 Bf5 17. Qe2 Bxb2 18. Rd1 Bc3+ 19. Kf2 Qc8 20. Bxc7 Qxc7 21. Nd5 Qc5+ 22. Qe3 Qxe3+ 23. Kxe3 Nc6 24. Nxc3 bxc3 25. Nd4 Nxd4 26. Rxd4 O-O 27. Rhd1 Bxc2 28. Rc1 Bf5 29. Rxc3 Rb8 30. g4 Be6 31. a3 g5 32. h3 Rb2 33. Rc5 h6 34. Ke4 Kg7 35. Ra5 Rh2 36. Rd3 Bc4 37. Rf3 Be2 38. Rg3 Bf1 39. Kf3 e6 40. Ra4 Kg6 41. Re4 Bxh3 42. Re2 Rh1 43. Kf2 h5 44. gxh5+ Kxh5 45. Re5 f6 46. Ra5 Kh4 47. Re3 Rf1+ 48. Ke2 Ra1 49. Ra4+ Bg4+ 50. Kd3 Rd1+ 51. Ke4 Rd5 52. Rd3 f5+ 53. Ke3 f4+ 54. Kd2 Re5 55. Rb4 Re2+ 56. Kc1 Bf5 57. Rc3 e5 58. Kd1 Bg4 59. Kc1 e4 60. Rc6 f3 0-1

[Event "BRA-ch 87th"]
[White "Matsuura,Everaldo"]
[Black "Cavalcante,Rodrigo Moreira"]
[Site "Cuiaba"]
[Round "3"]
[Annotator ""]
[Result "1-0"]
[Date "2021.10.29"]
[WhiteElo "2464"]
[BlackElo "1964"]
[PlyCount "55"]

1. e4 c5 2. c3 d5 3. exd5 Qxd5 4. d4 e6 5. Nf3 Nf6 6. Be3 Nbd7 7. c4 Qc6 8. Nc3 cxd4 9. Nxd4 Qc7 10. Be2 a6 11. O-O b6 12. Bf3 Bb7 13. Re1 Be7 14. Bf4 Qc8 15. Nd5 Nxd5 16. cxd5 O-O 17. Rc1 Qe8 18. dxe6 Nc5 19. Bxb7 Nxb7 20. Rc7 Nd8 21. Nf5 Nxe6 22. Rxe7 Qb5 23. Qg4 Qxb2 24. R1xe6 fxe6 25. Rxg7+ Kh8 26. Rxh7+ Kxh7 27. Qh5+ Kg8 28. Ne7+ 1-0

[Event "BRA-ch 87th"]
[White "Soares,Joao Carlos TC"]
[Black "Matsuura,Everaldo"]
[Site "Cuiaba"]
[Round "2"]
[Annotator ""]
[Result "1/2-1/2"]
[Date "2021.10.29"]
[WhiteElo "2056"]
[BlackElo "2464"]
[PlyCount "81"]

1. d4 Nf6 2. c4 c5 3. d5 e6 4. Nc3 exd5 5. cxd5 d6 6. Nf3 g6 7. Bf4 a6 8. a4 Bg7 9. e3 O-O 10. h3 Qe7 11. Nd2 Nbd7 12. Be2 Ne5 13. O-O Nfd7 14. e4 f5 15. exf5 gxf5 16. Re1 Ng6 17. Bh5 Nde5 18. Bxg6 hxg6 19. Nc4 Rb8 20. a5 Bd7 21. Kh1 Rfe8 22. Bxe5 dxe5 23. Nxe5 Bxe5 24. f4 Qd6 25. fxe5 Rxe5 26. Rxe5 Qxe5 27. Qg1 Qd6 28. Re1 Re8 29. Re3 Kg7 30. Rxe8 Bxe8 31. Qe3 Bf7 32. Kg1 Kf6 33. h4 Bxd5 34. Qg5+ Kf7 35. Qd2 Ke6 36. Qg5 Kd7 37. Nxd5 Qxd5 38. Qxg6 Qd4+ 39. Kf1 Qc4+ 40. Kg1 Qd4+ 41. Kf1 1/2-1/2

[Event "BRA-ch 87th"]
[White "Matsuura,Everaldo"]
[Black "Pessoa,Marcio de Souza"]
[Site "Cuiaba"]
[Round "1"]
[Annotator ""]
[Result "1-0"]
[Date "2021.10.28"]
[WhiteElo "2464"]
[BlackElo "1818"]
[PlyCount "53"]

1. e4 c6 2. d4 d5 3. exd5 cxd5 4. c4 dxc4 5. Bxc4 Qc7 6. Bb3 Bg4 7. f3 Bf5 8. Nc3 e6 9. Nge2 Nf6 10. O-O a6 11. Ng3 Bg6 12. d5 Bd6 13. dxe6 O-O 14. f4 fxe6 15. Bxe6+ Kh8 16. f5 Be8 17. Bg5 Bc6 18. Qd3 Ng4 19. Kh1 Bc5 20. Qe2 Nf6 21. Bf4 Qb6 22. Nge4 Nxe4 23. Nxe4 Bb5 24. Qh5 Be7 25. Rf3 Rxf5 26. Qxf5 Be8 27. Rh3 1-0

[Event "Santa Catarina State-ch 65th"]
[White "Franca,Willian Bento"]
[Black "Matsuura,Everaldo"]
[Site "Rio Negrinho"]
[Round "6"]
[Annotator ""]
[Result "0-1"]
[Date "2021.07.25"]
[WhiteElo "2177"]
[BlackElo "2456"]
[PlyCount "99"]

1. e4 c5 2. Nc3 Nc6 3. f4 g6 4. g3 Bg7 5. Bg2 d6 6. d3 e6 7. Nh3 Nge7 8. O-O O-O 9. Nf2 Rb8 10. g4 f5 11. Ne2 fxg4 12. Nxg4 e5 13. Ne3 Nd4 14. fxe5 Bxe5 15. c3 Nxe2+ 16. Qxe2 Rxf1+ 17. Nxf1 Nc6 18. Qf2 Qf6 19. Qxf6 Bxf6 20. Bf4 Ne5 21. Ne3 Be6 22. Bxe5 Bxe5 23. Nc4 Bxc4 24. dxc4 b5 25. cxb5 Rxb5 26. b3 Bxc3 27. Rc1 Bd4+ 28. Kf1 Be5 29. h3 a5 30. Kf2 a4 31. Bf1 Ra5 32. Bc4+ Kg7 33. Rc2 Bd4+ 34. Kg2 Kf6 35. Bd5 Ke5 36. Re2 Kf4 37. Re1 axb3 38. Rf1+ Kg5 39. axb3 Ra2+ 40. Kh1 Kh4 41. Rf3 g5 42. Be6 h5 43. Rd3 g4 44. hxg4 hxg4 45. b4 Ra1+ 46. Kh2 g3+ 47. Kg2 Rg1+ 48. Kf3 Rf1+ 49. Ke2 Rf2+ 50. Ke1 0-1

[Event "Santa Catarina State-ch 65th"]
[White "Matsuura,Everaldo"]
[Black "Mariani,Daniel Brandao"]
[Site "Rio Negrinho"]
[Round "7"]
[Annotator ""]
[Result "1-0"]
[Date "2021.07.25"]
[WhiteElo "2456"]
[BlackElo "2019"]
[PlyCount "67"]

1. d4 d5 2. c4 c6 3. Nf3 Nf6 4. Qc2 g6 5. Bf4 Bg7 6. e3 O-O 7. Nc3 Bf5 8. Qb3 Qb6 9. Be2 Nbd7 10. h3 dxc4 11. Bxc4 Qxb3 12. Bxb3 Nb6 13. Ne5 Rad8 14. g4 Bc8 15. Bg3 Nfd5 16. Ne4 Nd7 17. Nd3 N5f6 18. Nd2 b6 19. g5 Ne8 20. Ne4 Bb7 21. O-O Rc8 22. Rac1 a6 23. Ne5 Nxe5 24. dxe5 b5 25. Nc5 Rd8 26. e6 Bxb2 27. Rcd1 Nd6 28. Nd7 Ba3 29. exf7+ Nxf7 30. Nxf8 Kxf8 31. Rxd8+ Nxd8 32. Rd1 Ke8 33. Bg8 c5 34. Bh2 1-0

[Event "Santa Catarina State-ch 65th"]
[White "Filgueiras,Nathan Felipe"]
[Black "Matsuura,Everaldo"]
[Site "Rio Negrinho"]
[Round "4"]
[Annotator ""]
[Result "1/2-1/2"]
[Date "2021.07.24"]
[WhiteElo "2326"]
[BlackElo "2456"]
[PlyCount "148"]

1. e4 c5 2. Nf3 Nc6 3. d4 cxd4 4. Nxd4 Nf6 5. Nc3 e5 6. Ndb5 d6 7. Bg5 a6 8. Bxf6 gxf6 9. Na3 f5 10. Nd5 fxe4 11. Nc4 Be6 12. Ncb6 Rb8 13. c3 Bg7 14. Qe2 Ne7 15. Qxe4 Nxd5 16. Nxd5 f5 17. Qa4+ b5 18. Qd1 O-O 19. Be2 Rc8 20. O-O Rc5 21. Nb4 a5 22. Nc2 Qb6 23. Kh1 b4 24. cxb4 axb4 25. Qd2 e4 26. Nxb4 f4 27. a3 f3 28. gxf3 exf3 29. Qe3 Bh3 30. Bxf3 Bxf1 31. Rxf1 Qd8 32. Bg2 Re5 33. Qb3+ Kh8 34. Nc6 Qh4 35. Nxe5 Bxe5 36. Qh3 Qxh3 37. Bxh3 Bxb2 38. a4 Rf3 39. Kg2 Ra3 40. Bd7 Kg7 41. Bb5 Kf6 42. f4 Bd4 43. Rd1 Bc5 44. Rd3 Ra2+ 45. Kg3 h5 46. Rd5 h4+ 47. Kxh4 Rxh2+ 48. Kg3 Ra2 49. Rh5 Ra1 50. Rh6+ Kg7 51. Re6 Kf7 52. f5 Bd4 53. Kf3 Be5 54. Ke4 Ra3 55. Kd5 Ra1 56. Kc6 Ra3 57. Bc4 Kg7 58. Rg6+ Kh7 59. Kb5 Rf3 60. Bg8+ Kh8 61. Be6 Rf1 62. Bd7 Rb1+ 63. Kc4 Rd1 64. Be6 Kh7 65. Bg8+ Kh8 66. Be6 Kh7 67. Rg2 d5+ 68. Kc5 d4 69. a5 d3 70. Bb3 Ra1 71. Kc4 Rxa5 72. Kxd3 Ra3 73. Kc4 Bf6 74. Bc2 Ra6 1/2-1/2

[Event "Santa Catarina State-ch 65th"]
[White "Matsuura,Everaldo"]
[Black "Umetsubo,Cesar Hidemitsu"]
[Site "Rio Negrinho"]
[Round "5"]
[Annotator ""]
[Result "1-0"]
[Date "2021.07.24"]
[WhiteElo "2456"]
[BlackElo "2379"]
[PlyCount "55"]

1. e4 c5 2. Nf3 Nc6 3. d4 cxd4 4. Nxd4 Nf6 5. Nc3 d6 6. Bg5 e6 7. Qd2 a6 8. O-O-O Bd7 9. f3 Be7 10. h4 O-O 11. g4 b5 12. Nxc6 Bxc6 13. Ne2 Bb7 14. Nd4 Qb8 15. Kb1 Rc8 16. h5 Qc7 17. Be3 Nd7 18. g5 Ne5 19. g6 hxg6 20. hxg6 Nxg6 21. Bd3 Bf6 22. f4 Kf8 23. f5 exf5 24. Nxf5 d5 25. Bf4 Qb6 26. Qh2 Ke8 27. Nd6+ Kd7 28. e5 1-0

[Event "Santa Catarina State-ch 65th"]
[White "Matsuura,Everaldo"]
[Black "De Oliveira,Gustavo Alfredo Bue"]
[Site "Rio Negrinho"]
[Round "3"]
[Annotator ""]
[Result "1-0"]
[Date "2021.07.23"]
[WhiteElo "2456"]
[BlackElo "2151"]
[PlyCount "47"]

1. e4 c5 2. Nf3 e6 3. d4 cxd4 4. Nxd4 a6 5. Bd3 Nf6 6. O-O d6 7. c4 Be7 8. Nc3 b6 9. Qe2 Qc7 10. Kh1 Nbd7 11. f4 Bb7 12. Bd2 Rc8 13. Rae1 Nc5 14. Bb1 O-O 15. Qf3 e5 16. Nf5 Ne6 17. fxe5 dxe5 18. Nd5 Bxd5 19. exd5 Nc5 20. Qh3 e4 21. Bc3 Bd8 22. Nxg7 Qd7 23. Nf5 Kh8 24. Qh6 1-0

[Event "Santa Catarina State-ch 65th"]
[White "Zimmermann,Kleber Renato P"]
[Black "Matsuura,Everaldo"]
[Site "Rio Negrinho"]
[Round "2"]
[Annotator ""]
[Result "0-1"]
[Date "2021.07.23"]
[WhiteElo "1941"]
[BlackElo "2456"]
[PlyCount "80"]

1. d4 Nf6 2. c4 g6 3. Nc3 d5 4. Nf3 Bg7 5. Bg5 Ne4 6. cxd5 Nxg5 7. Nxg5 c6 8. dxc6 Nxc6 9. e3 e5 10. Nf3 exd4 11. Nxd4 Nxd4 12. exd4 O-O 13. Be2 Qxd4 14. Qxd4 Bxd4 15. O-O Be6 16. Bf3 Rac8 17. Rac1 b6 18. Rfd1 Bxc3 19. bxc3 Bxa2 20. Ra1 Bb3 21. Rdb1 Rxc3 22. Rxa7 Rfc8 23. Ra8 Rxa8 24. Bxa8 b5 25. f3 Kf8 26. Bb7 Ke7 27. Ba6 b4 28. Kf2 Kd6 29. Rb2 Kc5 30. Ke1 Bc4 31. Bb7 b3 32. Be4 f5 33. Kd2 Kd4 34. Bb1 Bd3 35. Bxd3 Rxd3+ 36. Ke2 Kc4 37. g3 Rd5 38. h4 Kc3 39. Rb1 b2 40. Ke3 Kc2 0-1

[Event "Santa Catarina State-ch 65th"]
[White "Matsuura,Everaldo"]
[Black "Silva,Guilherme Henrique"]
[Site "Rio Negrinho"]
[Round "1"]
[Annotator ""]
[Result "1-0"]
[Date "2021.07.22"]
[WhiteElo "2456"]
[BlackElo "1769"]
[PlyCount "67"]

1. e4 c5 2. Nf3 d6 3. d4 cxd4 4. Nxd4 Nf6 5. Nc3 a6 6. f3 e5 7. Nb3 Be6 8. Be3 Be7 9. Qd2 O-O 10. O-O-O Nbd7 11. g4 b5 12. Rg1 Rc8 13. g5 Nh5 14. Nd5 Bxd5 15. exd5 Nb6 16. Na5 Nxd5 17. Qxd5 Qxa5 18. Bd3 Kh8 19. Kb1 Qc7 20. Bf5 Rfe8 21. h4 Nf4 22. Bxf4 exf4 23. Bd3 Bd8 24. Qf5 g6 25. Qxf4 d5 26. Qg4 Qe5 27. h5 Qe6 28. Qh4 Kg8 29. Rh1 Re7 30. Rde1 Qd7 31. Rxe7 Qxe7 32. hxg6 fxg6 33. Bxg6 hxg6 34. Qh8+ 1-0

[Event "Araruama op 1st"]
[White "Matsuura,Everaldo"]
[Black "Limp,Eduardo Thelio"]
[Site "Araruama"]
[Round "6"]
[Annotator ""]
[Result "1-0"]
[Date "2021.06.06"]
[WhiteElo "2447"]
[BlackElo "2364"]
[PlyCount "39"]

1. e4 e5 2. Nf3 Nc6 3. d4 exd4 4. Nxd4 Nge7 5. Nc3 Nxd4 6. Qxd4 Nc6 7. Qe3 Bb4 8. Bd2 O-O 9. O-O-O d6 10. Qg3 Re8 11. f4 f6 12. Bd3 Bxc3 13. Bxc3 Qe7 14. Qh4 f5 15. Qg3 fxe4 16. Bxe4 Qf8 17. Rhe1 Bd7 18. Rd5 Ne7 19. Rg5 Ng6 20. Rxg6 1-0

[Event "Araruama op 1st"]
[White "Lima,Darcy Gustavo Macha"]
[Black "Matsuura,Everaldo"]
[Site "Araruama"]
[Round "5"]
[Annotator ""]
[Result "1/2-1/2"]
[Date "2021.06.05"]
[WhiteElo "2522"]
[BlackElo "2447"]
[PlyCount "148"]

1. d4 d5 2. c4 c6 3. Nf3 Nf6 4. g3 Bf5 5. Nc3 e6 6. Nh4 dxc4 7. Nxf5 exf5 8. e3 Bd6 9. Qe2 b5 10. Bg2 a6 11. a4 b4 12. Nb1 O-O 13. Qxc4 Ra7 14. Nd2 c5 15. dxc5 Rc7 16. Nb3 Nfd7 17. Qxb4 Nxc5 18. Nxc5 Bxc5 19. Qb3 Nc6 20. Bd2 Nb4 21. Bxb4 Qb8 22. O-O Bxb4 23. Rfd1 a5 24. Rd5 g6 25. Rb5 Qc8 26. Bd5 Qd7 27. Rd1 Qe7 28. Bf3 Rd8 29. Rxd8+ Qxd8 30. Kg2 Qd2 31. Rb7 Rxb7 32. Bxb7 Qd7 33. Bd5 Qe7 34. Qc4 h5 35. Kf1 Kg7 36. Ke2 Kg8 37. Kd3 Kg7 38. Qd4+ Kh7 39. f3 Kg8 40. e4 fxe4+ 41. fxe4 Bc5 42. Qc4 Bb4 43. Qc8+ Kg7 44. Kc4 Bd6 45. Kd3 Bc5 46. Qb8 Bd6 47. Qb6 Bb4 48. Qd4+ Qf6 49. e5 Qf1+ 50. Kc2 Qe2+ 51. Kb3 Qd2 52. Qxd2 Bxd2 53. Be4 Kf8 54. e6 Ke7 55. exf7 Kxf7 56. Kc2 Bb4 57. Kd3 Kf6 58. Ke2 Bc5 59. Bc2 Bb4 60. Kf3 Bc5 61. h3 Bb4 62. b3 Bc5 63. g4 hxg4+ 64. Kxg4 Bb4 65. h4 Bc5 66. Bd3 Bb4 67. h5 gxh5+ 68. Kxh5 Ke5 69. Bc4 Kf6 70. Kg4 Ke5 71. Kf3 Kd4 72. Kg4 Ke5 73. Kf3 Kd4 74. Kg4 Ke5 1/2-1/2

[Event "Araruama op 1st"]
[White "Matsuura,Everaldo"]
[Black "Federzoni,Enzo"]
[Site "Araruama"]
[Round "4"]
[Annotator ""]
[Result "1-0"]
[Date "2021.06.05"]
[WhiteElo "2447"]
[BlackElo "2202"]
[PlyCount "79"]

1. c4 g6 2. Nc3 c5 3. e3 Nf6 4. d4 cxd4 5. exd4 d5 6. Qb3 Bg7 7. cxd5 O-O 8. Be2 e6 9. dxe6 Bxe6 10. Qxb7 Nd5 11. Qxa8 Bxd4 12. Bd2 Nxc3 13. bxc3 Bd5 14. Qxd5 Qxd5 15. cxd4 Re8 16. Kf1 Qxd4 17. Rd1 Nc6 18. h4 Qa4 19. Rh3 Rxe2 20. Kxe2 Nd4+ 21. Ke1 Nc2+ 22. Kf1 Ne3+ 23. Rxe3 Qxd1+ 24. Be1 Qa4 25. Nf3 Qxa2 26. g3 Qc4+ 27. Kg2 Qc6 28. Bc3 h6 29. Kg1 f5 30. Ne5 Qb6 31. Rd3 g5 32. h5 f4 33. g4 a5 34. Rd7 Qb1+ 35. Kh2 Kf8 36. Ng6+ Ke8 37. Re7+ Kd8 38. Bxa5+ Kc8 39. Rc7+ Kb8 40. Ne7 1-0

[Event "Araruama op 1st"]
[White "Campos,Alexandre Ferreira"]
[Black "Matsuura,Everaldo"]
[Site "Araruama"]
[Round "3"]
[Annotator ""]
[Result "0-1"]
[Date "2021.06.04"]
[WhiteElo "2047"]
[BlackElo "2447"]
[PlyCount "76"]

1. g3 g6 2. Bg2 Bg7 3. c4 Nf6 4. Nc3 O-O 5. e4 c5 6. Nge2 Nc6 7. O-O d6 8. d3 Ne8 9. Be3 Nd4 10. Qd2 Nc7 11. Bh6 Nxe2+ 12. Nxe2 e5 13. Bxg7 Kxg7 14. b4 f6 15. Rab1 b6 16. a3 Ne6 17. f4 Rf7 18. h3 Bd7 19. Rb2 Qc7 20. g4 exf4 21. Nxf4 Nxf4 22. Qxf4 g5 23. Qc1 Re8 24. Qc3 Re5 25. d4 cxd4 26. Qxd4 Be6 27. Rc1 b5 28. Bf1 bxc4 29. Bxc4 d5 30. exd5 Bxd5 31. Rbc2 Bxc4 32. Rxc4 Qe7 33. Rf1 Re1 34. Qf2 Re2 35. Qf3 Re3 36. Qd5 Rg3+ 37. Kh2 Qe3 38. Rf5 Qg1# 0-1

[Event "Araruama op 1st"]
[White "Matsuura,Everaldo"]
[Black "Soares,Renan Barbosa Monte"]
[Site "Araruama"]
[Round "2"]
[Annotator ""]
[Result "1-0"]
[Date "2021.06.04"]
[WhiteElo "2447"]
[BlackElo "1871"]
[PlyCount "67"]

1. d4 Nf6 2. c4 c5 3. d5 b5 4. cxb5 a6 5. b6 d6 6. Nc3 Nbd7 7. a4 Qxb6 8. a5 Qa7 9. e4 g6 10. Nf3 Bg7 11. h3 O-O 12. Bc4 Ne8 13. O-O Nc7 14. Bf4 Rb8 15. Qe2 Nb5 16. Nxb5 axb5 17. Bxb5 Rxb5 18. Qxb5 Ba6 19. Qa4 Bxf1 20. Rxf1 Bxb2 21. Bg5 Ne5 22. Nxe5 Bxe5 23. Rb1 Bc3 24. a6 Bb4 25. Be3 Qa8 26. a7 Qb7 27. Ra1 Ra8 28. Bh6 Bc3 29. Ra3 Bb4 30. Ra2 Qc8 31. Qc6 Qd8 32. Qb7 Bc3 33. Ra6 Bg7 34. Rb6 1-0

[Event "Araruama op 1st"]
[White "Da Silva,Jean Henrique da Ro"]
[Black "Matsuura,Everaldo"]
[Site "Araruama"]
[Round "1"]
[Annotator ""]
[Result "0-1"]
[Date "2021.06.02"]
[WhiteElo "1725"]
[BlackElo "2447"]
[PlyCount "104"]

1. e4 c5 2. Nf3 Nc6 3. d4 cxd4 4. Nxd4 Nf6 5. Nc3 d6 6. Be3 Ng4 7. Nxc6 bxc6 8. Qd2 Nxe3 9. Qxe3 Qb6 10. Qxb6 axb6 11. Bd3 g6 12. f4 Bg7 13. Kd2 Bh6 14. Rhf1 e5 15. g3 O-O 16. Ne2 f5 17. c3 fxe4 18. Bxe4 d5 19. Bg2 Ba6 20. a3 Rae8 21. Rae1 exf4 22. gxf4 Bxe2 23. Rxe2 Bxf4+ 24. Kd3 Rxe2 25. Kxe2 Bxh2 26. Rxf8+ Kxf8 27. c4 dxc4 28. Bxc6 Be5 29. Bd5 Bxb2 30. Bxc4 Bxa3 31. Kf3 Ke7 32. Kg4 Kf6 33. Bd3 Bc5 34. Be2 h5+ 35. Kh4 Bf2+ 36. Kh3 Kg5 37. Bd3 Kh6 38. Kg2 Be1 39. Kf1 Bb4 40. Kg2 g5 41. Kg3 Bd6+ 42. Kh3 g4+ 43. Kh4 Be7+ 44. Kg3 Kg5 45. Be2 h4+ 46. Kg2 h3+ 47. Kh2 Bd6+ 48. Kh1 g3 49. Kg1 Bc5+ 50. Kh1 g2+ 51. Kh2 Kf4 52. Bg4 g1=Q+ 0-1

[Event "Timbo op"]
[White "Pereira,Geanfrancesco"]
[Black "Matsuura,Everaldo"]
[Site "Timbo"]
[Round "5"]
[Annotator ""]
[Result "0-1"]
[Date "2021.02.21"]
[WhiteElo "2016"]
[BlackElo "2451"]
[PlyCount "48"]

1. e4 c5 2. Nf3 Nc6 3. d4 cxd4 4. Nxd4 Nf6 5. Nc3 e5 6. Ndb5 d6 7. Nd5 Nxd5 8. exd5 Nb8 9. Qf3 a6 10. Qa3 Be7 11. Bd2 O-O 12. Bb4 Qd7 13. Nxd6 a5 14. Bb5 axb4 15. Qxa8 Qxd6 16. O-O-O Qb6 17. Qa4 Bd6 18. f3 Rd8 19. Bd3 Bd7 20. Qb3 Na6 21. Qc4 Nc5 22. Be2 Rc8 23. g4 Qa5 24. c3 Na6 0-1

[Event "Timbo op"]
[White "Matsuura,Everaldo"]
[Black "Silva,Kaua Marques"]
[Site "Timbo"]
[Round "4"]
[Annotator ""]
[Result "1/2-1/2"]
[Date "2021.02.20"]
[WhiteElo "2451"]
[BlackElo "2132"]
[PlyCount "96"]

1. d4 Nf6 2. c4 e6 3. Nc3 Bb4 4. e3 O-O 5. Bd3 d5 6. Nf3 c5 7. O-O Nc6 8. a3 Bxc3 9. bxc3 dxc4 10. Bxc4 Qc7 11. Bd3 e5 12. dxe5 Nxe5 13. Nxe5 Qxe5 14. Qc2 Re8 15. h3 Bd7 16. Bb2 Bc6 17. Rfe1 Qg5 18. Bf1 c4 19. Rad1 Be4 20. Qe2 Bd3 21. Qf3 Be4 22. Qe2 Bd3 23. Qf3 Qb5 24. Ba1 Ne4 25. Bxd3 cxd3 26. c4 Qxc4 27. Qg4 f6 28. f3 d2 29. Rf1 Nd6 30. e4 Qc5+ 31. Kh1 Nc4 32. Bxf6 Re7 33. Bxe7 Qxe7 34. e5 Ne3 35. Qe4 Nxf1 36. Qc4+ Kh8 37. Qxf1 Rd8 38. Qe2 Qxa3 39. e6 Qe7 40. f4 g6 41. Rxd2 Rxd2 42. Qxd2 Qxe6 43. Qd4+ Kg8 44. Qxa7 Qc6 45. Qb8+ Kf7 46. Kh2 Qd7 47. Qh8 Ke6 48. Qe5+ Kf7 1/2-1/2

[Event "Timbo op"]
[White "Volkmann,Andre Jordi"]
[Black "Matsuura,Everaldo"]
[Site "Timbo"]
[Round "3"]
[Annotator ""]
[Result "1/2-1/2"]
[Date "2021.02.20"]
[WhiteElo "2096"]
[BlackElo "2451"]
[PlyCount "91"]

1. d4 d5 2. c4 e6 3. Nc3 Be7 4. Bf4 Nf6 5. e3 O-O 6. Nf3 c5 7. cxd5 Nxd5 8. Nxd5 Qxd5 9. dxc5 Qxc5 10. Bd3 Qa5+ 11. Ke2 Nc6 12. a3 e5 13. b4 Qc7 14. Bg3 Bg4 15. Qc2 Rac8 16. Rhc1 Qb6 17. Qb1 f5 18. h3 Bxf3+ 19. gxf3 f4 20. Bh2 fxe3 21. fxe3 Bg5 22. Rc5 Bxe3 23. Kxe3 Nd4 24. Bxe5 Nxf3 25. Bxh7+ Kh8 26. Qg6 Qxg6 27. Bxg6 Rxc5 28. bxc5 Nxe5 29. Be4 Nd7 30. Rc1 Rc8 31. Bxb7 Rxc5 32. Rxc5 Nxc5 33. Bc8 Kg8 34. Kd4 Na4 35. Bg4 Kf7 36. Kc4 Ke7 37. Kb5 Nc3+ 38. Ka6 Kd6 39. Kb7 a5 40. Kb6 a4 41. Bf5 g5 42. Ka5 Kc5 43. Bd7 Kc4 44. Be6+ Kc5 45. Bd7 Kc4 46. Be6+ 1/2-1/2

[Event "Timbo op"]
[White "Matsuura,Everaldo"]
[Black "Fischer Junior,Donaldo"]
[Site "Timbo"]
[Round "2"]
[Annotator ""]
[Result "1-0"]
[Date "2021.02.19"]
[WhiteElo "2451"]
[BlackElo "1829"]
[PlyCount "45"]

1. e4 c5 2. Nf3 Nc6 3. d4 cxd4 4. Nxd4 g6 5. Nc3 Bg7 6. Be3 d6 7. Qd2 Nf6 8. f3 Qa5 9. Nb3 Qc7 10. O-O-O Be6 11. Kb1 a6 12. Nd5 Bxd5 13. exd5 Ne5 14. Bd4 Nc4 15. Bxc4 Qxc4 16. Rhe1 Kd7 17. Na5 Qc7 18. c4 Rhe8 19. Qb4 Kc8 20. Rc1 Bh6 21. Rc2 Qd7 22. Bxf6 Rb8 23. c5 1-0

[Event "Timbo op"]
[White "Stroher,Victor Augusto"]
[Black "Matsuura,Everaldo"]
[Site "Timbo"]
[Round "1"]
[Annotator ""]
[Result "0-1"]
[Date "2021.02.19"]
[WhiteElo "1599"]
[BlackElo "2451"]
[PlyCount "84"]

1. e4 c5 2. Nf3 Nc6 3. d4 cxd4 4. Nxd4 g6 5. Nc3 Bg7 6. Be3 Nf6 7. Be2 O-O 8. Qd2 d5 9. exd5 Nxd5 10. Nxd5 Qxd5 11. Bf3 Qc4 12. Be2 Qb4 13. c3 Qd6 14. Nxc6 Qxc6 15. Bf3 Qc7 16. O-O Rd8 17. Qe2 Be6 18. Rfd1 Rxd1+ 19. Qxd1 Be5 20. g3 Rd8 21. Qa4 b6 22. Qc6 h5 23. Re1 Qxc6 24. Bxc6 Bd6 25. a4 Bc5 26. Bxc5 bxc5 27. b4 Rd3 28. Re3 Rd1+ 29. Kg2 cxb4 30. cxb4 Kf8 31. b5 Bc4 32. Rc3 Bf1+ 33. Kf3 Ra1 34. b6 axb6 35. Rb3 e5 36. Rxb6 f5 37. Rb3 Ke7 38. Bb5 Bh3 39. Rc3 g5 40. Rc7+ Kd6 41. Rd7+ Ke6 42. Rh7 Re1 0-1

[Event "Santa Catarina-ch 64th "]
[White "Matsuura,Everaldo"]
[Black "Filgueiras,Nathan Felipe"]
[Site "Lages"]
[Round "6"]
[Annotator ""]
[Result "1-0"]
[Date "2020.02.16"]
[WhiteElo "2443"]
[BlackElo "2309"]
[PlyCount "91"]

1. c4 Nf6 2. Nc3 e5 3. g3 d5 4. cxd5 Nxd5 5. Bg2 Nb6 6. Nf3 Nc6 7. O-O Be7 8. a3 O-O 9. b4 Be6 10. Rb1 f6 11. d3 a5 12. b5 Nd4 13. Nd2 Qc8 14. e3 Nf5 15. a4 Nd6 16. Nde4 Nxe4 17. Bxe4 f5 18. Bg2 Rd8 19. Qc2 Qd7 20. Rd1 Rab8 21. e4 Rf8 22. exf5 Bxf5 23. Be4 Bc5 24. Bxf5 Qxf5 25. Ne4 Bd4 26. Bb2 Nd5 27. Bxd4 exd4 28. Qc4 Rbd8 29. Qxd4 Kh8 30. Qc4 Qf3 31. Rd2 Rf5 32. Re1 h5 33. Rde2 Rdf8 34. Nd2 Qg4 35. Re8 Nf4 36. Rxf8+ Rxf8 37. f3 Qg6 38. Qe4 Qb6+ 39. d4 Nh3+ 40. Kg2 Ng5 41. Qe7 Nh7 42. Re4 Qh6 43. f4 h4 44. Nf3 h3+ 45. Kf2 Rg8 46. Ne5 1-0

[Event "Santa Catarina-ch 64th "]
[White "Umetsubo,Cesar Hidemitsu"]
[Black "Matsuura,Everaldo"]
[Site "Lages"]
[Round "5"]
[Annotator ""]
[Result "1/2-1/2"]
[Date "2020.02.16"]
[WhiteElo "2367"]
[BlackElo "2443"]
[PlyCount "134"]

1. e4 c6 2. d4 d5 3. Nc3 dxe4 4. Nxe4 Nd7 5. Ng5 Ngf6 6. Bd3 e6 7. Qe2 Bd6 8. N1f3 h6 9. Ne4 Nxe4 10. Qxe4 Nf6 11. Qe2 Qc7 12. Bd2 b6 13. O-O-O Bb7 14. Kb1 O-O-O 15. c4 Kb8 16. Bc3 c5 17. dxc5 Bxc5 18. Ne5 Ka8 19. Bc2 Qe7 20. f3 Rc8 21. g4 Rhd8 22. b3 Ne8 23. Be4 f6 24. Rxd8 Rxd8 25. Nc6 Bxc6 26. Bxc6+ Kb8 27. f4 Qd6 28. Bg2 Qd3+ 29. Qxd3 Rxd3 30. Kc2 Rd6 31. Re1 a5 32. g5 Bb4 33. h4 Bxc3 34. Kxc3 Nc7 35. gxh6 gxh6 36. Bh3 f5 37. a3 Rc6 38. Bg2 Rd6 39. Bf3 Ne8 40. Re5 Kc7 41. a4 Nf6 42. c5 bxc5 43. Rxc5+ Kb6 44. Rb5+ Ka6 45. Bb7+ Ka7 46. Bg2 Ka6 47. Bb7+ Ka7 48. Bg2 Ka6 49. Bf1 Ne4+ 50. Kb2 Rd1 51. Bc4 Nd6 52. Re5+ Nxc4+ 53. bxc4 Rd4 54. Rxe6+ Kb7 55. Kc3 Rxf4 56. Rxh6 Rg4 57. h5 Rh4 58. Kd3 f4 59. Rh8 f3 60. c5 f2 61. Ke2 Rf4 62. Kf1 Rf5 63. h6 Rxc5 64. Rg8 Rh5 65. Rg7+ Kc6 66. h7 Rh2 67. Ra7 Kb6 1/2-1/2